| 000 -LEADER | |
|---|---|
| fixed length control field | 00371nam a22001577a 4500 |
| 005 - DATE AND TIME OF LATEST TRANSACTION | |
| control field | 20160905110308.0 |
| 008 - FIXED-LENGTH DATA ELEMENTS--GENERAL INFORMATION | |
| fixed length control field | 160905b xxu||||| |||| 00| 0 eng d |
| 020 ## - INTERNATIONAL STANDARD BOOK NUMBER | |
| ISBN | 978-81-7371-573-0 |
| 041 ## - LANGUAGE CODE | |
| Language code of text/sound track or separate title | eng |
| 100 ## - MAIN ENTRY--AUTHOR NAME | |
| Personal name | RAMLU,M.A |
| 245 ## - TITLE STATEMENT | |
| Title | MINE DISASTERS MINE RESCUE |
| 260 ## - PUBLICATION, DISTRIBUTION, ETC. (IMPRINT) | |
| Name of publisher | UNIVERSITY PRESS |
| Year of publication | 2015 |
| 300 ## - PHYSICAL DESCRIPTION | |
| Number of Pages | 442 |
| 650 ## - SUBJECT ADDED ENTRY--TOPICAL TERM | |
| Topical Term | MINING |
| 942 ## - ADDED ENTRY ELEMENTS (KOHA) | |
| Koha item type | Books |
| Lost status | Damaged status | Collection code | Home library | Current library | Shelving location | Date acquired | Source of acquisition | Cost, normal purchase price | Accession Number | Copy number | Koha item type |
|---|---|---|---|---|---|---|---|---|---|---|---|
| Reference | JRU Library | SHELF -72- F | 05/09/2016 | PURCHASE | 795.00 | 21007 | 5 | Books | |||
| Lost and Paid For | JRU Library | SHELF-7-B | 05/09/2016 | PURCHASE | 795.00 | 21008 | 5 | Books | |||
| MINING | JRU Library | JRU Library | SHELF-100-E | 05/09/2016 | PURCHASE | 795.00 | 21009 | 5 | Books | ||
| MINING | JRU Library | JRU Library | SHELF-100-E | 05/09/2016 | PURCHASE | 795.00 | 21010 | 5 | Books | ||
| JRU Library | SHELF-100-E | 05/09/2016 | PURCHASE | 795.00 | 21011 | 5 | Books |